| 000 | 02513nam0a2200373 4500 | ||
|---|---|---|---|
| 001 | RU\NLR\bibl\1333593 | ||
| 005 | 20260407080512.0 | ||
| 010 |
_a978-5-88086-782-0 _9150 |
||
| 021 |
_aRU _b2008-102613 _96037 |
||
| 035 | _a(nilc)RSL-KNO-004167004 | ||
| 035 | _a(NLR Aleph) 001318811 | ||
| 090 |
_a726560 _c726560 |
||
| 100 | _a20081222d2008 |||y0rusy50 ca | ||
| 101 | 0 | _arus | |
| 102 | _aRU | ||
| 105 | _aa zzzz||||| | ||
| 200 | 1 |
_aС именем М. В. Ломоносова - на благо российской науки _eосновные результаты научно-исследовательской деятельности Поморского государственного университета имени М. В. Ломоносова за 2007 год _eсборник материалов _fМ-во образования и науки Российской Федерации, Федеральное агентство по образованию, Гос. образовательное учреждение высш. проф. образования "Поморский гос. ун-т им. М. В. Ломоносова" _g[сост.: П. С. Журавлев и др. _gредкол.: В.И. Голдин (отв. ред.) и др.] |
|
| 210 |
_aАрхангельск _cПоморский ун-т _d2008 |
||
| 215 |
_a206, [1] с. _cпортр., табл. _d20 |
||
| 320 | _aБиблиогр. в конце разделов | ||
| 601 | 0 | 2 |
_aПоморский государственный университет им. М.В. Ломоносова _cАрхангельск, город _jСборники _xНаучно-исследовательская работа _92229551 _3RU\NLR\auth\661338254 |
| 686 | _aЧ214(2)731 | ||
| 702 | 1 |
_4570 _8rus _7ca _aЛомоносов _bМ. В. _f1711-1765 _gМихаил Васильевич _3RU\NLR\auth\772859 _9112866 |
|
| 702 | 1 |
_4220 _8rus _7ca _aЖуравлев _bП.С. _gПавел Сергеевич _3RU\NLR\auth\7763363 _946292 |
|
| 702 | 1 |
_4340 _7ca _8rus _aГолдин _bВ. И. _f1951- _gВладислав Иванович _9189244 _3RU\NLR\AUTH\770189295 |
|
| 712 | 0 | 2 |
_4570 _aПоморский государственный университет им. М. В. Ломоносова _cАрхангельск _3RU\NLR\AUTH\885968 _9283666 |
| 801 | 0 |
_aRU _bРКП _c20081222 _grcr |
|
| 801 | 1 |
_aRU _bРГБ _c20081222 |
|
| 801 | 2 |
_aRU _bNLR _c20090226 _grcr |
|
| 942 | _cBOOK | ||
| 980 | _aNB | ||
| 980 | _aNBR | ||